00345nam a2200121Ia 4500008004100000040001600041041001200057082001700069100002200086245007200108260003200180300001100212230917s9999||||xx |||||||||||||| ||und|| e34973aMAIN aEnglish a341.22 B469L aBhuinya, Niranjan 4aThe league of nations: failure of an experiment in internationalism aCalcuttabK.P.Bagichic1980 a146 p.